Normal view
MARC view
Entry Personal Name
001 - CONTROL NUMBER
- control field: 1239945
003 - CONTROL NUMBER IDENTIFIER
- control field: OSt
005 - DATE AND TIME OF LATEST TRANSACTION
- control field: 20260514122701.0
008 - FIXED-LENGTH DATA ELEMENTS
- fixed length control field: 260514|| aca||aabn | a|a d
040 ## - CATALOGING SOURCE
- Original cataloging agency: OSt
- Transcribing agency: OSt
100 ## - HEADING--PERSONAL NAME
- Personal name: Vaish Dr.Hans
670 ## - SOURCE DATA FOUND
- Source citation: Work cat.: (OSt)1851621: Vaish Dr.Hans , Study the Correlation Between Inferior Vena Cava Compressibility Index Inferior Vena Cava Diameter to Central Venous Pressure in Children with Shock.
